000 00805cam a2200265 a 4500
001 000005103
003 DO-SdBNP
005 20241111084620.0
008 991125s1998 dr r 000 0 spa
010 _a00436085
020 _a9803451901
040 _aDO-SdBPM
_bspa
_cBPMSU
082 4 _aCu861.44
_bG643p 1998
_2 22
100 1 _aGonzález, Daniuska,
_d1967-
245 1 0 _aPalabra de la muerte /
_cDaniuska Gonzalez González.
260 _aSanto Domingo :
_bEditorial Gente,
_c1998
300 _a66 p.
_c22 cm.
490 0 _aEstapacios culturales,
_v4
500 _aIncluye datos biográficos de la autora en la solapa de la cubierta.
590 _aInventarido, 2024/VM
650 4 _aPoesía cubana
650 4 _aLiteratura cubana
910 _aVMateo V. Control de calidad
942 _2ddc
_cBK
999 _c14854
_d14854